Nagy Lajos, a lovagkirály (1342-1382)

Bibliographic Details
Format: Article
Language:Hungarian
PhysicalDescription:Obr.
Subjects:

MARC

LEADER 00000nab a2200000 a 4500
001 vtls000467851
003 SK-MaSNL
005 20260319075429.0
008 120926c1991 xo | | | 0 0b hun
015 |a SNBRB19rr/mm-uuuuu 
035 |a CL0467984 
040 |a SNKBUCL  |b slo  |c SNKBUCL  |e AACR2 
041 0 |a hun 
044 |a xo  |c SK 
080 |a 943.92-051"13"  |2 1981 
080 |a 929 Ľudovít I. Veľký  |2 1981 
245 0 0 |a Nagy Lajos, a lovagkirály  |b (1342-1382)  |c -dék- 
300 |b Obr. 
600 0 7 |a Ľudovít  |b I.,  |c uhorský a poľský kráľ,  |d 1326-1382  |2 snkbucl 
648 7 |a 14. stor.  |2 snkbucl  |9 304589 
651 7 |a Uhorsko  |x dejiny  |y 14. stor.  |2 snkbucl  |9 476135 
655 7 |a RK  |2 snkbucl  |9 955651 
773 0 |t Heti Ifi  |g Roč. 1, č. 37 (1991), s. 23 
850 |a Slovenská národná knižnica v Martine  |a MTA001 
852 |a SNK  |b KIS3GCP 
999 |c 1559521  |d 1561451